[Event "46th Guernsey Open"]
[Site "?"]
[Date "2022.10.16"]
[Round "1"]
[White "Giulian, Rosemary A"]
[Black "Ashbrooke, Monika"]
[Result "1-0"]
[WhiteElo "1868"]
[BlackElo "1321"]
[PlyCount "73"]
[EventDate "2022.??.??"]

1. e4 e6 2. d4 d5 3. Nd2 Nf6 4. e5 Nfd7 5. f4 c5 6. c3 Nc6 7. Ndf3 Be7 8. Bd3
cxd4 9. cxd4 O-O 10. Ne2 f6 11. O-O Nb4 12. Bb1 b5 13. a3 Nc6 14. Qc2 f5 15.
Qxc6 Nb6 16. Qxb5 a5 17. Qd3 Ba6 18. Qd1 Rb8 19. Bd3 Bxd3 20. Qxd3 a4 21. Nc3
Kh8 22. Rb1 Qd7 23. Nd2 Rg8 24. b3 g5 25. fxg5 Bxg5 26. Nf3 Bxc1 27. Rfxc1 Qg7
28. Ne1 axb3 29. Rxb3 Nc4 30. Rxb8 Rxb8 31. Rb1 Ra8 32. a4 f4 33. Ne2 Rf8 34.
Nf3 h5 35. Nxf4 Qg4 36. Rb7 Qg8 37. Ng6+ 1-0

[Event "46th Guernsey Open"]
[Site "?"]
[Date "2022.10.17"]
[Round "2"]
[White "Chatalbashev, Boris"]
[Black "Pink, Joshua"]
[Result "1-0"]
[WhiteElo "2488"]
[BlackElo "1938"]
[PlyCount "75"]
[EventDate "2022.??.??"]

1. c4 Nf6 2. Nc3 e6 3. Nf3 d5 4. d4 c6 5. e3 Bd6 6. Bd3 Nbd7 7. e4 dxe4 8. Nxe4
Nxe4 9. Bxe4 Qa5+ 10. Bd2 Bb4 11. O-O Bxd2 12. Nxd2 Nf6 13. Bc2 O-O 14. c5 b5
15. a4 Qb4 16. axb5 Qxd4 17. bxc6 Qxc5 18. Ne4 Nxe4 19. Bxe4 Rb8 20. Qe2 Qd4
21. Rfd1 Qf6 22. Rd2 Qe7 23. Qe3 Rb6 24. Ra5 g6 25. h4 Qxh4 26. Rxa7 Rb4 27.
Bf3 Rc4 28. Rd1 Rc2 29. b3 Qb4 30. Ra4 Qb5 31. Rad4 Qb6 32. Qh6 f6 33. Be4 Rxf2
34. Bxg6 Rxg2+ 35. Kxg2 Qxc6+ 36. Be4 Qc7 37. Bxh7+ Qxh7 38. Rg4+ 1-0

[Event "46th Guernsey Open"]
[Site "?"]
[Date "2022.10.17"]
[Round "2"]
[White "De Dreu, Dies"]
[Black "Hebden, Mark L"]
[Result "0-1"]
[WhiteElo "1924"]
[BlackElo "2434"]
[PlyCount "68"]
[EventDate "2022.??.??"]

1. d4 Nf6 2. c4 g6 3. Nc3 Bg7 4. e4 d6 5. Nf3 O-O 6. Be2 e5 7. O-O Nc6 8. d5
Ne7 9. Ne1 Nd7 10. Be3 f5 11. f3 f4 12. Bf2 g5 13. Nd3 Ng6 14. c5 Nf6 15. Rc1
Rf7 16. cxd6 cxd6 17. Nb5 g4 18. a4 a6 19. Na3 g3 20. Be1 gxh2+ 21. Kh1 Nh5 22.
Nc4 Ng3+ 23. Bxg3 fxg3 24. Qe1 b5 25. axb5 axb5 26. Na3 Nf4 27. Nxb5 Ba6 28.
Nxf4 exf4 29. Nxd6 Qxd6 30. Rc6 Bxe2 31. Rxd6 Bxf1 32. Rb6 Rfa7 33. Qxf1 Ra1
34. Rb8+ Bf8 0-1

[Event "46th Guernsey Open"]
[Site "?"]
[Date "2022.10.17"]
[Round "2"]
[White "Hunt, Harriet V"]
[Black "Strade, Arita"]
[Result "1-0"]
[WhiteElo "2395"]
[BlackElo "1918"]
[PlyCount "135"]
[EventDate "2022.??.??"]

1. e4 c5 2. Nf3 d6 3. d4 cxd4 4. Nxd4 Nf6 5. Nc3 a6 6. Be2 e5 7. Nb3 Nc6 8. O-O
Be7 9. Be3 b5 10. f3 Bb7 11. Qd2 O-O 12. Nd5 Nxd5 13. exd5 Na7 14. a4 Bf6 15.
axb5 Nxb5 16. c4 Na7 17. Na5 Qe7 18. Ra3 Bc8 19. b4 h6 20. c5 Bg5 21. cxd6
Bxe3+ 22. Rxe3 Qxd6 23. Nc4 Qf6 24. Rxe5 Nb5 25. Qe3 Rb8 26. Rb1 Nd6 27. Nxd6
Qxd6 28. Qd4 Bd7 29. Bd3 Bb5 30. Bf5 Qb6 31. Qc5 Rfd8 32. Rd1 Rd6 33. Rd4 Qd8
34. h4 Qf6 35. Rde4 Rdd8 36. Qd4 Qb6 37. h5 Qxd4+ 38. Rxd4 Rd6 39. Re7 Kf8 40.
Rc7 Re8 41. Be4 Re7 42. Rc5 Re5 43. g4 Ke7 44. Rc7+ Kf6 45. Rd2 g6 46. hxg6
fxg6 47. Rh7 h5 48. Rg2 hxg4 49. Rxg4 Rg5 50. Rxg5 Kxg5 51. Kf2 Kf4 52. Rf7+
Kg5 53. Ke3 Rd8 54. f4+ Kh6 55. Rf6 Be8 56. Rxa6 Rb8 57. f5 Rxb4 58. fxg6 Rb7
59. Re6 Ba4 60. Kf4 Bb3 61. Ke5 Rd7 62. Rb6 Re7+ 63. Kf4 Ba4 64. d6 Rd7 65. Bf5
Ra7 66. Rb8 Bd7 67. Rh8+ Kg7 68. Rh7+ 1-0

[Event "46th Guernsey Open"]
[Site "?"]
[Date "2022.10.17"]
[Round "2"]
[White "Dijksterhuis, Rolf"]
[Black "Zeidler, Sven P"]
[Result "1/2-1/2"]
[WhiteElo "1911"]
[BlackElo "2148"]
[PlyCount "69"]
[EventDate "2022.??.??"]

1. e4 Nc6 2. d4 d5 3. e5 f6 4. f4 Nh6 5. Nf3 Bg4 6. Be2 e6 7. O-O Be7 8. c3 Nf5
9. b4 a6 10. Na3 O-O 11. Nc2 Qe8 12. Ne3 Nxe3 13. Bxe3 Qg6 14. a4 Rf7 15. Ra2
fxe5 16. dxe5 Raf8 17. b5 Nb8 18. Kh1 Nd7 19. bxa6 bxa6 20. Bxa6 Bc5 21. Bd3
Qh5 22. Bc1 g5 23. Be2 gxf4 24. Nd4 Nxe5 25. Bxg4 Nxg4 26. h3 Bxd4 27. cxd4 f3
28. Kg1 Nh6 29. Raf2 Qg6 30. Bxh6 Qxh6 31. Rxf3 Rxf3 32. Rxf3 Rxf3 33. Qxf3
Qc1+ 34. Kh2 Qc4 35. Qf6 1/2-1/2

[Event "46th Guernsey Open"]
[Site "?"]
[Date "2022.10.17"]
[Round "2"]
[White "Goris, Ton"]
[Black "Giulian, Philip M"]
[Result "0-1"]
[WhiteElo "1897"]
[BlackElo "2131"]
[PlyCount "62"]
[EventDate "2022.??.??"]

1. e4 e6 2. d4 d5 3. e5 c5 4. c3 Qb6 5. Nf3 Nc6 6. a3 Nh6 7. b4 cxd4 8. cxd4
Nf5 9. Bb2 Bd7 10. g4 Nfe7 11. Nc3 Ng6 12. Na4 Qd8 13. Nc5 Bxc5 14. bxc5 f6 15.
Qd2 fxe5 16. Nxe5 Ncxe5 17. dxe5 O-O 18. Bd4 Qc7 19. Qc3 Rf4 20. Be2 Raf8 21.
h4 R4f7 22. a4 Nf4 23. Bf1 Bc6 24. Rh2 Qd7 25. a5 Bb5 26. Rb1 Bxf1 27. Kxf1 Qa4
28. Be3 Qe4 29. Rd1 Qf3 30. Re1 Qxg4 31. Bxf4 Qxf4 0-1

[Event "46th Guernsey Open"]
[Site "?"]
[Date "2022.10.17"]
[Round "2"]
[White "Johnsen, Gunnar"]
[Black "Fryer, David W"]
[Result "1-0"]
[WhiteElo "2121"]
[BlackElo "1876"]
[PlyCount "75"]
[EventDate "2022.??.??"]

1. d4 Nf6 2. Nf3 e6 3. Bg5 Bb4+ 4. c3 Be7 5. Nbd2 h6 6. Bh4 d5 7. e3 Nbd7 8.
Bd3 c5 9. O-O b6 10. Qe2 Bb7 11. Ba6 Bxa6 12. Qxa6 O-O 13. a4 Nh5 14. Bxe7 Qxe7
15. a5 Rfb8 16. axb6 Rxb6 17. Qa3 Qd6 18. dxc5 Nxc5 19. Nd4 Nf6 20. h3 Rab8 21.
b4 Nce4 22. Nxe4 Nxe4 23. b5 R8b7 24. f3 Nc5 25. Rfd1 Qc7 26. Qa2 Nd7 27. Rac1
Ne5 28. e4 Nc4 29. exd5 exd5 30. Re1 Qd7 31. Rcd1 Rg6 32. Kh1 a6 33. Nc6 Re6
34. Rxe6 fxe6 35. bxa6 Rb2 36. Qxc4 Qe8 37. Qc5 Ra2 38. Nb4 1-0

[Event "46th Guernsey Open"]
[Site "?"]
[Date "2022.10.17"]
[Round "2"]
[White "Hill, Andy"]
[Black "Onslow, Alfie"]
[Result "0-1"]
[WhiteElo "1896"]
[BlackElo "2115"]
[PlyCount "52"]
[EventDate "2022.??.??"]

1. Nf3 d5 2. e3 Nf6 3. c4 e6 4. Nc3 Be7 5. b3 O-O 6. Bb2 c5 7. cxd5 exd5 8. d4
Ne4 9. Nxe4 dxe4 10. Nd2 cxd4 11. Bxd4 Nc6 12. Bc3 Bb4 13. Qc2 Bf5 14. a3 Bxc3
15. Qxc3 Qg5 16. h4 Qe7 17. Be2 Rac8 18. Qb2 Ne5 19. h5 Qf6 20. Kf1 Rfd8 21.
Rd1 Rd5 22. Nb1 Rxd1+ 23. Bxd1 Qd6 24. Be2 Nd3 25. Bxd3 exd3 26. Qd2 Rc2 0-1

[Event "46th Guernsey Open"]
[Site "?"]
[Date "2022.10.17"]
[Round "2"]
[White "Giulian, Rosemary A"]
[Black "Smith, Andrew Philip"]
[Result "0-1"]
[WhiteElo "1868"]
[BlackElo "2087"]
[PlyCount "74"]
[EventDate "2022.??.??"]

1. e4 e5 2. Nf3 d6 3. d4 exd4 4. Nxd4 Nf6 5. Nc3 g6 6. Be2 Bg7 7. Be3 O-O 8.
Qd2 Re8 9. Bg5 Nc6 10. Nxc6 bxc6 11. O-O-O Qe7 12. h4 Qe5 13. f3 Be6 14. g4
Bxa2 15. Bh6 Bh8 16. Na4 Nxe4 17. fxe4 Qxe4 18. Nc3 Qb4 19. Qf4 Bxc3 20. Qxb4
Bxb4 21. Bf3 Bd5 22. Bxd5 cxd5 23. Rxd5 Re4 24. c3 Bc5 25. g5 Re2 26. b4 Bb6
27. Rd3 a5 28. b5 a4 29. Kd1 Rb2 30. Kc1 Re2 31. Kd1 Rae8 32. Rd2 R2e5 33. c4
Re4 34. Rc2 a3 35. Rh3 Re1+ 36. Kd2 Ba5+ 37. Kd3 Rd1+ 0-1

[Event "46th Guernsey Open"]
[Site "?"]
[Date "2022.10.17"]
[Round "2"]
[White "Dennis, Nigel W"]
[Black "Jackson, Sheila"]
[Result "1/2-1/2"]
[WhiteElo "1852"]
[BlackElo "2077"]
[PlyCount "62"]
[EventDate "2022.??.??"]

1. e4 c5 2. Nf3 d6 3. d4 Nf6 4. dxc5 Nxe4 5. cxd6 Nxd6 6. c4 Nc6 7. Nc3 b6 8.
Be2 Bb7 9. O-O Qd7 10. a3 g6 11. b4 Bg7 12. Bb2 Rd8 13. Qc2 O-O 14. Rfd1 Qf5
15. Qxf5 Nxf5 16. Rxd8 Rxd8 17. Rd1 Rxd1+ 18. Nxd1 Bxb2 19. Nxb2 Ncd4 20. Nxd4
Nxd4 21. Bd1 e5 22. f3 f6 23. Kf2 Kf7 24. Na4 Ke7 25. c5 bxc5 26. Nxc5 Bd5 27.
Ba4 Bc4 28. Ke3 Nf5+ 29. Kf2 Nd4 30. Ke3 Nf5+ 31. Kf2 Nd4 1/2-1/2

[Event "46th Guernsey Open"]
[Site "?"]
[Date "2022.10.17"]
[Round "2"]
[White "De Kruif, Kees"]
[Black "Wager, John D"]
[Result "0-1"]
[WhiteElo "1846"]
[BlackElo "2034"]
[PlyCount "92"]
[EventDate "2022.??.??"]

1. b4 d5 2. Bb2 Qd6 3. a3 e5 4. e3 Be6 5. Nf3 f6 6. Be2 Nd7 7. d3 a5 8. b5 c5
9. O-O Nb6 10. a4 Qd7 11. Nbd2 Bd6 12. c4 Ne7 13. Qc2 O-O 14. Rfd1 Rfc8 15. Nf1
d4 16. exd4 cxd4 17. Qb3 Qc7 18. Ng3 Ng6 19. Ne4 Bf8 20. Ba3 Nd7 21. Bxf8 Rxf8
22. Rdc1 b6 23. Bf1 h6 24. Qa3 f5 25. Ned2 Rad8 26. Nb3 Nf6 27. c5 Qf7 28. Nfd2
bxc5 29. Nxa5 e4 30. Nc6 Rd5 31. Rxc5 e3 32. Nf3 exf2+ 33. Kxf2 Ng4+ 34. Kg1
Nf4 35. Ncxd4 Rxc5 36. Qxc5 Bd5 37. Qd6 g5 38. Re1 Qh5 39. Re7 Nf6 40. Qe5 Ng6
41. Qc7 Nxe7 42. Qxe7 g4 43. Ne5 Qg5 44. Nec6 Re8 45. Qd6 Qe3+ 46. Kh1 Qf2 0-1

[Event "46th Guernsey Open"]
[Site "?"]
[Date "2022.10.17"]
[Round "2"]
[White "Agustsson, Hafsteinn"]
[Black "Starley, Robert"]
[Result "0-1"]
[WhiteElo "1776"]
[BlackElo "2020"]
[PlyCount "94"]
[EventDate "2022.??.??"]

1. d4 Nf6 2. c4 e6 3. Nc3 Bb4 4. Qc2 O-O 5. Bg5 h6 6. Bh4 d6 7. e3 b6 8. Be2
Bb7 9. Bf3 Nc6 10. Nge2 e5 11. O-O Bxc3 12. bxc3 g5 13. Bg3 e4 14. Bxe4 Nxe4
15. Qxe4 Na5 16. d5 Ba6 17. Nd4 Nxc4 18. Nf5 Qf6 19. Rfd1 Rae8 20. Qc2 Bc8 21.
Nd4 a5 22. Nb5 Re7 23. Qb3 Ne5 24. Rd4 Ng6 25. Rc4 Ba6 26. Rxc7 Bxb5 27. Rxe7
Nxe7 28. Qxb5 Qxc3 29. Rb1 Rc8 30. e4 Qa3 31. h3 Rc1+ 32. Rxc1 Qxc1+ 33. Kh2
Qc7 34. Qe8+ Kg7 35. f3 Ng6 36. Qc6 Qxc6 37. dxc6 Ne7 38. Bxd6 Nxc6 39. Bc7 b5
40. Bg3 b4 41. Be1 Kf6 42. Kg3 Ke5 43. Kf2 Kd4 44. Ke2 Ne5 45. h4 Nd3 46. hxg5
hxg5 47. Bd2 Nf4+ 0-1

[Event "46th Guernsey Open"]
[Site "?"]
[Date "2022.10.17"]
[Round "2"]
[White "Thurlow, Kevin J"]
[Black "Canonne, Antoine"]
[Result "1/2-1/2"]
[WhiteElo "2019"]
[BlackElo "1853"]
[PlyCount "46"]
[EventDate "2022.??.??"]

1. c4 e5 2. Nc3 Nc6 3. e3 f5 4. Nge2 Nf6 5. d4 e4 6. Nf4 Bb4 7. Bd2 O-O 8. h4
Bd6 9. Ncd5 Bxf4 10. Nxf4 a5 11. Bc3 d6 12. Qd2 b6 13. O-O-O Qe8 14. Kb1 Bd7
15. h5 a4 16. Be2 Na5 17. c5 d5 18. Bb4 Nc6 19. Ba3 Rf7 20. f3 Rb8 21. cxb6
cxb6 22. Rdg1 Na5 23. Rc1 Bb5 1/2-1/2

[Event "46th Guernsey Open"]
[Site "?"]
[Date "2022.10.17"]
[Round "2"]
[White "Kirby, Peter J"]
[Black "Phillips, Owen S"]
[Result "1-0"]
[WhiteElo "2011"]
[BlackElo "1851"]
[PlyCount "109"]
[EventDate "2022.??.??"]

1. c4 c5 2. Nf3 Nc6 3. d4 cxd4 4. Nxd4 g6 5. e4 Bg7 6. Be3 Qb6 7. Nb3 Qd8 8.
Nc3 Bxc3+ 9. bxc3 Nf6 10. f3 O-O 11. Be2 d6 12. O-O Be6 13. Nd4 Qa5 14. Nxe6
fxe6 15. Qb3 b6 16. c5 bxc5 17. Qxe6+ Kg7 18. Bd2 Rf7 19. Rfb1 Nd8 20. Qc4 e6
21. Qb5 Qc7 22. Bf4 Nxe4 23. Be5+ Nf6 24. Bg3 e5 25. Bf2 Ne6 26. Rb2 d5 27.
Rab1 Rc8 28. Qa4 Qc6 29. Bb5 Qd6 30. Ba6 Rcc7 31. Bb7 Qd7 32. Qxd7 Nxd7 33.
Bxd5 Ndf8 34. Bg3 Kf6 35. Re1 Nf4 36. Bxf4 exf4 37. Bxf7 Kxf7 38. Reb1 Ke6 39.
Rb7 Kd6 40. Kf2 Nd7 41. Rxc7 Kxc7 42. Re1 Kd6 43. Re8 Ne5 44. Rd8+ Kc7 45. Rd5
Nd7 46. Ke2 Kc6 47. Rd1 Ne5 48. Rd8 Kb5 49. Re8 Nc6 50. Re6 a5 51. c4+ Kb6 52.
Kd3 Kc7 53. a3 Kd7 54. Rf6 Ne5+ 55. Kc3 1-0

[Event "46th Guernsey Open"]
[Site "?"]
[Date "2022.10.17"]
[Round "2"]
[White "Cordova Lopez, Diego Anton"]
[Black "Rogers, Bernard"]
[Result "1-0"]
[WhiteElo "2006"]
[BlackElo "1842"]
[PlyCount "56"]
[EventDate "2022.??.??"]

1. e4 e5 2. Nf3 d6 3. d4 exd4 4. Nxd4 Nf6 5. Nc3 Be7 6. Be2 O-O 7. Be3 a6 8. f3
b5 9. a3 Bb7 10. Qd2 Nbd7 11. g4 g6 12. Bh6 Re8 13. h4 Nxe4 14. fxe4 Bxh4+ 15.
Kd1 Bxe4 16. Nxe4 Rxe4 17. Bf3 Rxd4 18. Qxd4 Bf6 19. Qe3 Rb8 20. c3 Ne5 21. Kc2
Qd7 22. Rae1 b4 23. axb4 a5 24. Qa7 Qa4+ 25. Kb1 Rd8 26. Qxa5 Qxa5 27. bxa5
Nxf3 28. Ref1 Nd2+ 1-0

[Event "46th Guernsey Open"]
[Site "?"]
[Date "2022.10.17"]
[Round "2"]
[White "Eedle, Eric F"]
[Black "Collier, David O"]
[Result "1/2-1/2"]
[WhiteElo "1667"]
[BlackElo "2004"]
[PlyCount "102"]
[EventDate "2022.??.??"]

1. d4 Nf6 2. c4 e6 3. Nc3 Bb4 4. f3 Nh5 5. Nh3 f5 6. Bg5 Be7 7. Bxe7 Qxe7 8. e4
O-O 9. Bd3 d6 10. O-O f4 11. Nf2 c6 12. e5 d5 13. Qc2 g6 14. Ng4 Qg7 15. Ne2
Nd7 16. Rad1 Kh8 17. b4 dxc4 18. Bxc4 Nb6 19. Qb3 Nxc4 20. Qxc4 a5 21. Nc3 Qe7
22. a3 Ng7 23. Qc5 Nf5 24. Qxe7 Nxe7 25. Nf6 Nd5 26. Rde1 Ne3 27. Rc1 Rd8 28.
Ne2 g5 29. Ne4 h6 30. Nd6 Kg7 31. b5 cxb5 32. Rc7+ Kg6 33. Rfc1 Bd7 34. Nxb7
Nd5 35. Nxd8 Nxc7 36. Rxc7 Rxd8 37. Ra7 a4 38. Kf2 Be8 39. Rc7 Rb8 40. Re7 Bf7
41. g3 fxg3+ 42. hxg3 b4 43. axb4 Rxb4 44. f4 Rb8 45. Ra7 Be8 46. Ra6 Kf5 47.
d5 exd5 48. Rxh6 Rb2 49. Ke3 Rb3+ 50. Kd2 Rb2+ 51. Ke3 Rb3+ 1/2-1/2

[Event "46th Guernsey Open"]
[Site "?"]
[Date "2022.10.17"]
[Round "2"]
[White "Heppell, Ian N"]
[Black "Moyroud, Pierre"]
[Result "0-1"]
[WhiteElo "1999"]
[BlackElo "1705"]
[PlyCount "42"]
[EventDate "2022.??.??"]

1. e4 c6 2. c4 d5 3. exd5 cxd5 4. cxd5 Nf6 5. Nc3 Nxd5 6. Bc4 Nxc3 7. Qf3 e6 8.
dxc3 g6 9. Bf4 Bg7 10. Rd1 Qb6 11. Qe2 O-O 12. Nf3 Nc6 13. h4 e5 14. Be3 Qc7
15. h5 Bg4 16. hxg6 hxg6 17. Rh4 Qc8 18. Rd6 Qf5 19. Qd2 Rfd8 20. Rxg4 Qxg4 21.
Ng5 Qxc4 0-1

[Event "46th Guernsey Open"]
[Site "?"]
[Date "2022.10.17"]
[Round "2"]
[White "Liu, Jack"]
[Black "Santos, Joao Artur Almeida"]
[Result "1-0"]
[WhiteElo "1780"]
[BlackElo "1954"]
[PlyCount "61"]
[EventDate "2022.??.??"]

1. e4 c5 2. Nf3 d6 3. d4 cxd4 4. Nxd4 Nf6 5. Nc3 a6 6. h3 g6 7. g4 Bg7 8. Be3
Nc6 9. Qd2 O-O 10. O-O-O Bd7 11. Be2 Nxd4 12. Bxd4 Bc6 13. Bf3 Rc8 14. h4 Nd7
15. Bxg7 Kxg7 16. h5 Rh8 17. hxg6 fxg6 18. Be2 b5 19. f4 Qb6 20. g5 b4 21. Nd5
Bxd5 22. exd5 b3 23. axb3 Qxb3 24. Kb1 Qb6 25. Bg4 Rc7 26. Rh3 h5 27. gxh6+ Kh7
28. f5 Nf6 29. Qg5 Rg8 30. fxg6+ Rxg6 31. Bf5 1-0

[Event "46th Guernsey Open"]
[Site "?"]
[Date "2022.10.17"]
[Round "2"]
[White "Villiers, Thomas"]
[Black "Simons, Sebastiaan"]
[Result "1-0"]
[WhiteElo "2141"]
[BlackElo "1771"]
[PlyCount "69"]
[EventDate "2022.??.??"]

1. e4 Nf6 2. e5 Nd5 3. d4 d6 4. Nf3 dxe5 5. Nxe5 c6 6. Be2 Bf5 7. O-O Nd7 8.
Nd3 e6 9. c4 N5f6 10. Nc3 Bd6 11. Bf4 Qc7 12. Bg3 O-O 13. Qd2 Rfe8 14. Rac1
Bxg3 15. hxg3 Qd6 16. Qf4 Qxf4 17. gxf4 Nb6 18. Nc5 Rab8 19. b4 Nbd7 20. Nb3
Ne4 21. Nd1 Ndf6 22. Ne3 h5 23. Rfd1 Red8 24. a4 b6 25. b5 c5 26. dxc5 Nxc5 27.
Nxc5 bxc5 28. Nxf5 exf5 29. Rxd8+ Rxd8 30. Rd1 Re8 31. Bf3 Kf8 32. a5 Re6 33.
b6 axb6 34. a6 Ne4 35. Rd8+ 1-0

[Event "46th Guernsey Open"]
[Site "?"]
[Date "2022.10.17"]
[Round "2"]
[White "Jackson, Oliver A"]
[Black "Turner, David J"]
[Result "1-0"]
[WhiteElo "2095"]
[BlackElo "1754"]
[PlyCount "37"]
[EventDate "2022.??.??"]

1. e4 d6 2. Nc3 Nf6 3. f4 g6 4. Nf3 Bg4 5. h3 Bxf3 6. Qxf3 c6 7. e5 dxe5 8.
fxe5 Nd5 9. Bc4 e6 10. Ne4 Nd7 11. d4 Be7 12. O-O f5 13. exf6 N7xf6 14. Nxf6+
Bxf6 15. Bxd5 Bxd4+ 16. Kh1 Qxd5 17. Qf7+ Kd8 18. c3 Bb6 19. Bf4 1-0

[Event "46th Guernsey Open"]
[Site "?"]
[Date "2022.10.17"]
[Round "2"]
[White "Gant, Chris J"]
[Black "Morgan, Jamie"]
[Result "1/2-1/2"]
[WhiteElo "2091"]
[BlackElo "1741"]
[PlyCount "121"]
[EventDate "2022.??.??"]

1. d4 Nf6 2. c4 c5 3. d5 b5 4. cxb5 a6 5. b6 Qxb6 6. Nc3 d6 7. Nf3 g6 8. e4 Bg7
9. a4 Bg4 10. Be2 Bxf3 11. Bxf3 Nbd7 12. a5 Qd8 13. O-O O-O 14. Be2 Ne8 15. Be3
Nc7 16. Qd2 Rb8 17. f4 Rb4 18. Rab1 Qb8 19. e5 Qb7 20. Bf3 Nb5 21. Na2 Na3 22.
Nxb4 Nxb1 23. Rxb1 Qxb4 24. Qxb4 cxb4 25. Bg4 f5 26. exf6 Nxf6 27. Be6+ Kh8 28.
Bd4 Ne4 29. Bxg7+ Kxg7 30. g3 Nc5 31. Bh3 Nb3 32. Bf1 Nd2 33. Rc1 Nxf1 34. Kxf1
e5 35. dxe6 Rf5 36. Rc7+ Kf6 37. Rxh7 Kxe6 38. Rb7 g5 39. Rxb4 gxf4 40. Rxf4
Rxa5 41. h4 Rb5 42. Rf2 a5 43. Kg2 a4 44. Kh3 d5 45. Rf4 Rxb2 46. Rxa4 Ke5 47.
h5 d4 48. Ra8 d3 49. Rd8 d2 50. h6 Rb6 51. Rxd2 Rxh6+ 52. Kg4 Rh8 53. Rf2 Rg8+
54. Kh3 Rh8+ 55. Kg2 Ra8 56. g4 Ra3 57. Kh2 Rc3 58. g5 Ke6 59. Rf6+ Ke7 60. Kg2
Rc5 61. Rg6 1/2-1/2

[Event "46th Guernsey Open"]
[Site "?"]
[Date "2022.10.17"]
[Round "2"]
[White "Mason, Donald J"]
[Black "Wynarczyk, Raymond"]
[Result "1-0"]
[WhiteElo "2081"]
[BlackElo "1739"]
[PlyCount "113"]
[EventDate "2022.??.??"]

1. e4 e5 2. Nf3 d6 3. d4 exd4 4. Nxd4 Nf6 5. Nc3 Be7 6. Bc4 O-O 7. O-O a6 8.
Re1 Re8 9. h3 b5 10. Bd5 Nxd5 11. exd5 Bf6 12. Ne4 Bxd4 13. Qxd4 Nd7 14. Bd2 f6
15. Bc3 Bb7 16. Re3 Re5 17. Ng3 Rxe3 18. fxe3 Ne5 19. Rf1 Qe8 20. e4 a5 21. a3
Ba6 22. Bxa5 c5 23. dxc6 Qxc6 24. Nf5 Qc5 25. Bb6 Qxd4+ 26. Bxd4 b4 27. Ra1
bxa3 28. Rxa3 Nc4 29. Ra4 g6 30. Nh6+ Kg7 31. Ng4 Ne5 32. Bxe5 fxe5 33. Ne3 Bb7
34. Rxa8 Bxa8 35. Nd5 Kf7 36. c4 Bb7 37. b4 Ke6 38. h4 Kd7 39. Kf2 Bc6 40. Ke3
Kd8 41. b5 Bb7 42. Kd3 Bxd5 43. cxd5 Kc7 44. Kc4 h6 45. g4 Kb7 46. Kb4 Kb6 47.
Ka4 h5 48. g5 Kc7 49. Ka5 Kb7 50. b6 Kb8 51. Ka6 Ka8 52. b7+ Kb8 53. Ka5 Kxb7
54. Kb5 Kc7 55. Ka6 Kc8 56. Kb6 Kd7 57. Kb7 1-0

[Event "46th Guernsey Open"]
[Site "?"]
[Date "2022.10.17"]
[Round "2"]
[White "Remie, Peter"]
[Black "Zheng, Harry Z"]
[Result "0-1"]
[WhiteElo "1749"]
[BlackElo "2049"]
[PlyCount "56"]
[EventDate "2022.??.??"]

1. Nf3 Nf6 2. g3 e6 3. Bg2 d5 4. d4 Be7 5. Bg5 O-O 6. O-O h6 7. Bxf6 Bxf6 8. c3
b6 9. Re1 Bb7 10. Nbd2 g6 11. e4 dxe4 12. Nxe4 Bg7 13. Nfd2 Nd7 14. Nf6+ Nxf6
15. Bxb7 Rb8 16. Bg2 Nd5 17. Nc4 b5 18. Ne5 Qd6 19. Nd3 a5 20. a3 Rfd8 21. Bxd5
Qxd5 22. Ne5 c5 23. Qe2 cxd4 24. Rad1 Bxe5 25. Qxe5 Qxe5 26. Rxe5 dxc3 27.
Rxd8+ Rxd8 28. Rxb5 c2 0-1

[Event "46th Guernsey Open"]
[Site "?"]
[Date "2022.10.17"]
[Round "2"]
[White "Kirk, Matthew"]
[Black "Curtis, John E"]
[Result "1/2-1/2"]
[WhiteElo "1738"]
[BlackElo "2046"]
[PlyCount "39"]
[EventDate "2022.??.??"]

1. d4 d6 2. c4 e5 3. e3 Nd7 4. Nc3 c6 5. Nf3 Ngf6 6. Bd3 Be7 7. O-O O-O 8. Qc2
Re8 9. Rd1 Bf8 10. b3 h6 11. Bb2 Qe7 12. dxe5 dxe5 13. Bf5 Nc5 14. Bxc8 Raxc8
15. b4 Ncd7 16. c5 b6 17. cxb6 axb6 18. a3 Qe6 19. e4 Red8 20. Rd2 1/2-1/2

[Event "46th Guernsey Open"]
[Site "?"]
[Date "2022.10.17"]
[Round "2"]
[White "Teeuwen, Jos"]
[Black "Hall, Alan"]
[Result "1-0"]
[WhiteElo "2029"]
[BlackElo "1723"]
[PlyCount "69"]
[EventDate "2022.??.??"]

1. e4 e5 2. Nf3 Nf6 3. d4 Nxe4 4. dxe5 d5 5. Nbd2 Nxd2 6. Qxd2 Nc6 7. c3 Be7 8.
Qf4 Be6 9. Bd3 Qd7 10. O-O f6 11. Re1 O-O-O 12. exf6 Bd6 13. Qa4 Bf5 14. Bb5 a6
15. Bxc6 Qxc6 16. Qxc6 bxc6 17. fxg7 Rhg8 18. Bh6 Kb7 19. Nd4 Bg6 20. Ne6 Rd7
21. f3 Re7 22. Nf8 Re5 23. g4 Bc5+ 24. Kg2 Bd6 25. h4 c5 26. Nxg6 hxg6 27. f4
Ree8 28. h5 gxh5 29. gxh5 d4 30. f5 Be5 31. Rxe5 Rxe5 32. f6 dxc3 33. bxc3 Rge8
34. f7 Re2+ 35. Kf3 1-0

[Event "46th Guernsey Open"]
[Site "?"]
[Date "2022.10.17"]
[Round "2"]
[White "Glover, John"]
[Black "Hewson, Brian WR"]
[Result "0-1"]
[WhiteElo "1678"]
[BlackElo "2028"]
[PlyCount "62"]
[EventDate "2022.??.??"]

1. Nf3 Nf6 2. c4 b6 3. g3 Bb7 4. Bg2 g6 5. O-O Bg7 6. d4 O-O 7. Nc3 d6 8. h3
Nbd7 9. Be3 Re8 10. Rc1 c5 11. d5 a6 12. a4 Rb8 13. Nd2 Nf8 14. f4 e6 15. Nde4
Nxe4 16. Bxe4 exd5 17. cxd5 f5 18. Bxf5 gxf5 19. Bf2 Bc8 20. Re1 b5 21. b3 Qa5
22. Qc2 Qxc3 23. Qxc3 Bxc3 24. Rxc3 bxa4 25. bxa4 Rb4 26. a5 Bd7 27. e3 h5 28.
Ra1 Nh7 29. Kg2 Nf6 30. Rd3 Rb2 31. Kf3 Bb5 0-1

[Event "46th Guernsey Open"]
[Site "?"]
[Date "2022.10.17"]
[Round "2"]
[White "Frijling, Jeroen"]
[Black "Schroeder, Gerhard"]
[Result "0-1"]
[WhiteElo "1669"]
[BlackElo "2017"]
[PlyCount "54"]
[EventDate "2022.??.??"]

1. d4 Nf6 2. c4 e5 3. dxe5 Ng4 4. Bf4 Nc6 5. Nf3 Bb4+ 6. Nbd2 Qe7 7. e3 Ngxe5
8. Nxe5 Nxe5 9. Be2 O-O 10. O-O a5 11. Nb3 a4 12. Nd4 d6 13. b3 a3 14. Rc1 c6
15. Nc2 Bc3 16. Nd4 Bb2 17. Rc2 Rd8 18. Rxb2 axb2 19. Qb1 Qf6 20. Rd1 Bd7 21.
Rd2 g5 22. Bg3 g4 23. Rxb2 h5 24. f4 Ng6 25. Bd3 Nxf4 26. Bh7+ Kh8 27. exf4
Qxd4+ 0-1

[Event "46th Guernsey Open"]
[Site "?"]
[Date "2022.10.17"]
[Round "2"]
[White "Berkley, Stephen W"]
[Black "Nordby, Bernt"]
[Result "0-1"]
[WhiteElo "1617"]
[BlackElo "2012"]
[PlyCount "68"]
[EventDate "2022.??.??"]

1. d4 Nf6 2. c4 d6 3. Nc3 e5 4. d5 Be7 5. e4 Nbd7 6. Be3 Nc5 7. f3 a5 8. Nge2
Bd7 9. Nc1 b6 10. Be2 O-O 11. Nd3 c6 12. Nxc5 bxc5 13. O-O a4 14. Qc2 cxd5 15.
cxd5 Qb6 16. Bc4 Ne8 17. f4 exf4 18. Bxf4 Bf6 19. Kh1 Bd4 20. Rae1 Qb4 21. Nd1
Bb5 22. Bxb5 Qxb5 23. Qe2 Qxe2 24. Rxe2 f6 25. Be3 Be5 26. Bf4 Rf7 27. Bxe5
dxe5 28. Rf3 Nd6 29. Rc3 Rc7 30. g4 Rb8 31. Kg2 Rb4 32. Kf3 Nb5 33. a3 Nxc3 34.
Rc2 Nb5 0-1

[Event "46th Guernsey Open"]
[Site "?"]
[Date "2022.10.17"]
[Round "2"]
[White "Gunn, Michael J"]
[Black "Kraft, Karl Heinz"]
[Result "0-1"]
[WhiteElo "1596"]
[BlackElo "1989"]
[PlyCount "48"]
[EventDate "2022.??.??"]

1. e4 c5 2. c3 g6 3. d4 cxd4 4. cxd4 d5 5. e5 Nc6 6. h3 f6 7. f4 Nh6 8. g4 Qb6
9. Nf3 Nxg4 10. Nc3 Nh6 11. exf6 exf6 12. Nxd5 Qd8 13. Nc3 Bb4 14. Qe2+ Kf7 15.
Qc4+ Be6 16. Qd3 Re8 17. Kd1 Kg7 18. a3 Ba5 19. Be3 Nf5 20. Bf2 Bb3+ 21. Kc1
Qd6 22. Ne2 Rac8 23. Kb1 Bd5 24. Bg2 Be4 0-1

[Event "46th Guernsey Open"]
[Site "?"]
[Date "2022.10.17"]
[Round "2"]
[White "Robinson, John K"]
[Black "Murray, J Stephen"]
[Result "1-0"]
[WhiteElo "1967"]
[BlackElo "1671"]
[PlyCount "81"]
[EventDate "2022.??.??"]

1. d4 Nf6 2. Nf3 e6 3. Bf4 Be7 4. Nbd2 d5 5. e3 O-O 6. Bd3 c5 7. dxc5 Bxc5 8.
c3 Nbd7 9. Qc2 Re8 10. Ne5 Nf8 11. g4 Bd6 12. Rg1 Bxe5 13. Bxe5 Ng6 14. Bxg6
hxg6 15. g5 Nd7 16. Nf3 b6 17. O-O-O Bb7 18. Rg3 Rc8 19. Rd4 Rc4 20. Rgg4 Rxd4
21. exd4 Ba6 22. Qd2 Qc8 23. b3 b5 24. Kb2 Qc6 25. Rg3 Rc8 26. Ne1 Bb7 27. Nd3
a5 28. Rg1 Nb6 29. Rc1 Nd7 30. h4 Ba6 31. Bf4 Qb6 32. Ne5 Nxe5 33. Bxe5 a4 34.
b4 Qc6 35. Qd3 Qe8 36. Qf3 Rc4 37. a3 Qe7 38. Qg3 Rc6 39. Qf4 Bc8 40. Rh1 Bd7
41. h5 1-0